| 000 | 00817nam a2200205Ia 4500 | ||
|---|---|---|---|
| 005 | 20260121110209.0 | ||
| 008 | 008 260114s9999 xx 000 0 hin d | ||
| 020 | _a9788132366041 | ||
| 037 | _aEBOOK | ||
| 040 |
_aCRL _bhin _cCRL |
||
| 041 |
_ahin _2hin |
||
| 084 | _qCRL | ||
| 100 |
_aवर्षा भंडारी / Varsha Bhandari _9943236 |
||
| 245 | 0 | _aविशिष्ट शैक्षिक आवश्यकताओं वाले बालकों की शिक्षा एवं समायोजन / Vishisht Shaikshik Avashyaktaon Wale Bachon Ki Shiksha Evam Samaayojan | |
| 260 |
_bभाषा प्रकाशन / Bhasha Prakashan _c2021 |
||
| 856 | _uhttps://bhashaprakashan.com/product-details/379461 | ||
| 942 | _cEBOOK | ||
| 999 |
_c1534901 _d1534901 |
||